Normal view
MARC view
Entry Topical Term
001 - CONTROL NUMBER
- control field: 13421
003 - CONTROL NUMBER IDENTIFIER
- control field: OSt
005 - DATE AND TIME OF LATEST TRANSACTION
- control field: 20200130112643.0
008 - FIXED-LENGTH DATA ELEMENTS
- fixed length control field: 200130|| aca||aabn | a|a d
040 ## - CATALOGING SOURCE
- Original cataloging agency: OSt
- Transcribing agency: OSt
150 ## - HEADING--TOPICAL TERM
- Topical term or geographic name entry element: Mechanics
- General subdivision: History.
670 ## - SOURCE DATA FOUND
- Source citation: Work cat.: (OSt)0: Westfall, Richard S. 13420, The construction of modern science :, 1977.
